000 00595nam a22001817a 4500
005 20251108165008.0
008 250721s1995 xx 000 0 ara d
082 1 4 _a658.404/سعد
100 1 _aنصار، سعد زكي
245 1 0 _aالتقييم المالي و الإقتصادي و الإجتماعي للمشروعات /
264 1 _aالقاهرة :
_bالمكتبة الأكاديمية،
_c1995.
300 _a162ص
650 1 7 _aإدارة المشروع
650 1 7 _aالمحاسبة المالية
650 1 7 _aالإستثمارات
942 _2ddc
_cBK
999 _c19407
_d19407